000 00455nam a22001697a 4500
999 _c525958
_d525958
003 NUST
020 _qP/B
038 _awaseem
082 _a891.421
_bHUS
100 _aHussain Syed, Najam
_916905
245 _aIknan Nahin Lown /
_cNajam Hussain Syed
260 _aLahore :
_bSuchet Kitab Ghar,
_c2005.
300 _a128 p. ;
880 _6100-01\r
_aنجم حسین سید
880 _6245-02\r
_aاِکناں ناہیں لَون /
942 _2ddc
_cBK